[Event "GRE-chT 44th"]
[Site "Achaia"]
[Date "2016.07.08"]
[Round "5.7"]
[White "Eleftherakis, Panagiotis"]
[Black "Dalianis, Georgios"]
[Result "1/2-1/2"]
[WhiteElo "1731"]
[BlackElo "1587"]
[PlyCount "60"]
[EventDate "2016.07.05"]
[EventType "team-swiss"]
[EventRounds "7"]
[EventCountry "GRE"]
[SourceTitle "CBM 173 Extra"]
[Source "ChessBase"]
[SourceDate "2016.08.29"]
[SourceVersion "1"]
[SourceVersionDate "2016.08.29"]
[SourceQuality "1"]
[WhiteTeam "Heraklion CN"]
[BlackTeam "Patras Sailing"]
[WhiteTeamCountry "GRE"]
[BlackTeamCountry "GRE"]

1. d4 Nf6 2. Nf3 e6 3. Bg5 h6 4. Bh4 Be7 5. e3 b6 6. Nbd2 Bb7 7. Bd3 d5 8. Ne5 0-0 9. 0-0 Nbd7 10. Nxd7 Nxd7 11. Bg3 a5 12. Qe2 c5 13. c3 c4 14. Bc2 b5 15. f3 b4 16. e4 a4 17. a3 bxc3 18. bxc3 Qa5 19. Qe3 Nc5 20. exd5 Bxd5 21. Ne4 Nb3 22. Bxb3 cxb3 23. Nc5 Rfc8 24. Bf2 Rab8 25. Rab1 Rb5 26. Qd3 Rb6 27. c4 Ba8 28. Be1 Qa7 29. Bb4 Rd8 30. Qe3 Bf6 1/2-1/2

[Event "GRE-chT 43rd"]
[Site "Porto Rio"]
[Date "2015.10.08"]
[Round "2.13"]
[White "Kafetzis, Georgios"]
[Black "Dalianis, Georgios"]
[Result "1-0"]
[WhiteElo "2002"]
[BlackElo "1552"]
[PlyCount "37"]
[EventDate "2015.10.08"]
[EventType "team-swiss"]
[EventRounds "7"]
[EventCountry "GRE"]
[SourceTitle "CBM 168 Extra"]
[Source "ChessBase"]
[SourceDate "2015.10.29"]
[SourceVersion "1"]
[SourceVersionDate "2015.10.29"]
[SourceQuality "1"]
[WhiteTeam "Kavalas OFS"]
[BlackTeam "Patron Sailing"]
[WhiteTeamCountry "GRE"]
[BlackTeamCountry "GRE"]

1. e4 e5 2. Nf3 Nc6 3. d4 exd4 4. Nxd4 Nf6 5. Nxc6 bxc6 6. e5 Qe7 7. Qe2 Nd5 8. Nd2 a5 9. c4 Ba6 10. Nf3 Nb6 11. b3 Qe6 12. Nd4 Bb4+ 13. Kd1 Qe7 14. Nf5 Qf8 15. Bg5 Nd5 16. Nd6+ cxd6 17. exd6+ Ne7 18. Bxe7 Qxe7 19. Qxe7# 1-0

[Event "GRE-ch U16"]
[Site "Greece"]
[Date "2014.07.07"]
[Round "6"]
[White "Dalianis, Georgios"]
[Black "Karakatsanis, Nikolaos"]
[Result "1-0"]
[WhiteElo "1584"]
[BlackElo "1699"]
[PlyCount "100"]
[EventDate "2014.07.04"]
[EventType "swiss"]
[EventRounds "9"]
[EventCountry "GRE"]
[SourceTitle "EXT 2017"]
[Source "ChessBase"]
[SourceDate "2016.10.25"]
[SourceVersion "1"]
[SourceVersionDate "2016.10.25"]
[SourceQuality "1"]

1. e4 e5 2. Nf3 Nf6 3. Nc3 Bb4 4. a3 Bxc3 5. dxc3 0-0 6. Nxe5 Re8 7. Nc4 Nxe4 8. Be2 d5 9. Ne3 c6 10. 0-0 Nd7 11. c4 dxc4 12. Nxc4 Ndf6 13. f3 Qxd1 14. Bxd1 Be6 15. Na5 Nc5 16. b4 Na4 17. Nxb7 Bc4 18. Nd6 Bxf1 19. Nxe8 Rxe8 20. Kxf1 Nd5 21. c4 Ndc3 22. Bxa4 Nxa4 23. Bf4 f6 24. Rd1 Nb6 25. Rd4 Re7 26. Kf2 Kf7 27. Be3 h6 28. Ke2 f5 29. g4 fxg4 30. Rxg4 Nd7 31. Rf4+ Nf6 32. Kd3 Ke8 33. Bd4 Nd7 34. Re4 Rxe4 35. Kxe4 Kf7 36. Bxa7 Ke6 37. Bd4 g5 38. b5 c5 39. Be3 Kd6 40. Kf5 Nb6 41. Kg6 Nxc4 42. Bc1 Ne5+ 43. Kxh6 Nxf3 44. Bxg5 Kd5 45. h3 c4 46. Bc1 Kc5 47. a4 Kb4 48. b6 Nd4 49. b7 Nc6 50. Bf4 c3 1-0

[Event "GRE-chT 42nd"]
[Site "Porto Rio"]
[Date "2014.06.29"]
[Round "3.9"]
[White "Harizopoulos, Ioannis"]
[Black "Dalianis, Georgios"]
[Result "1/2-1/2"]
[WhiteElo "1643"]
[BlackElo "1566"]
[PlyCount "110"]
[EventDate "2014.06.28"]
[EventType "team-swiss"]
[EventRounds "7"]
[EventCountry "GRE"]
[SourceTitle "CBM 161 Extra"]
[Source "ChessBase"]
[SourceDate "2014.08.29"]
[SourceVersion "1"]
[SourceVersionDate "2014.08.29"]
[SourceQuality "1"]
[WhiteTeam "Ptolemaida Ptolemaios"]
[BlackTeam "Nautical Association"]
[WhiteTeamCountry "GRE"]
[BlackTeamCountry "GRE"]

1. d4 Nf6 2. c4 e6 3. Nf3 Bb4+ 4. Bd2 Qe7 5. e3 Nc6 6. Be2 0-0 7. 0-0 Bxd2 8. Qxd2 d6 9. Nc3 e5 10. d5 Nb8 11. e4 Bg4 12. b4 Bxf3 13. Bxf3 a5 14. Rfb1 axb4 15. Rxb4 b6 16. Ne2 Na6 17. Rb2 Nc5 18. Ng3 Ra4 19. Nf5 Qd8 20. Qc2 g6 21. Ng3 Qc8 22. Rb5 Qa6 23. Be2 Ra8 24. Rb2 Qa5 25. h4 Ra3 26. h5 Qc3 27. hxg6 fxg6 28. Qxc3 Rxc3 29. f3 Rca3 30. Bd1 Nfd7 31. Ne2 Nd3 32. Rb3 N7c5 33. Rxa3 Rxa3 34. Bc2 Nb4 35. Bd1 Rxa2 36. Rxa2 Nxa2 37. Kf2 Nb4 38. Nc3 Ncd3+ 39. Ke3 Kf7 40. Nb5 Nb2 41. Be2 Na6 42. Nc3 Ke7 43. f4 Nc5 44. fxe5 dxe5 45. Nb5 Kd7 46. Na7 Nb3 47. Nc6 Kd6 48. Nd8 Ke7 49. Ne6 c5 50. Ng5 h6 51. Nf3 Kf6 52. d6 Na5 53. d7 Nc6 54. Kd2 Nd8 55. Kc3 Na4+ 1/2-1/2